[Event "ROM-ch U10"]
[Site "Calimanesti"]
[Date "2015.04.05"]
[Round "8"]
[White "Mihalcescu, Alexandru"]
[Black "Dobleaga, Alexandru"]
[Result "1-0"]
[WhiteElo "1191"]
[BlackElo "1558"]
[PlyCount "173"]
[EventDate "2015.03.30"]
[EventType "swiss"]
[EventRounds "9"]
[EventCountry "ROU"]
[SourceTitle "CBM 165 Extra"]
[Source "ChessBase"]
[SourceDate "2015.04.21"]
[SourceVersion "1"]
[SourceVersionDate "2015.04.21"]
[SourceQuality "1"]

1. e4 d5 2. exd5 Nf6 3. Bb5+ Bd7 4. Qe2 a6 5. Bxd7+ Qxd7 6. Nc3 Nxd5 7. Qe4 c6 8. Nge2 e6 9. d4 Bd6 10. Bd2 Qc7 11. a3 Nd7 12. h3 N7f6 13. Qf3 0-0 14. 0-0 Rac8 15. Ne4 Nxe4 16. Qxe4 Qe7 17. c4 Nf6 18. Qd3 Rfd8 19. Bc3 Bc7 20. Bb4 Qe8 21. Rad1 Bb6 22. c5 Bc7 23. f4 Nd5 24. Bd2 Nf6 25. Qc4 Ne4 26. Qc2 Nf6 27. b4 Rd5 28. Be3 Rcd8 29. Rd2 R5d7 30. Rfd1 Nd5 31. Rd3 Qe7 32. g3 Qf6 33. h4 Qg6 34. R1d2 Qg4 35. Kg2 Re8 36. Rb3 Bd8 37. Kf2 Qh3 38. Qe4 Nf6 39. Qg2 Qf5 40. Rdd3 Nd5 41. Qf3 Nf6 42. Qg2 Ng4+ 43. Kg1 Nf6 44. Kf2 a5 45. Kg1 axb4 46. axb4 Bc7 47. Kf2 Ra8 48. Ra3 Rdd8 49. Kg1 Nd5 50. Rdb3 Rxa3 51. Rxa3 Qb1+ 52. Qf1 Qxb4 53. Qc1 Ba5 54. Bf2 h6 55. Kf1 Qb5 56. Be1 Bxe1 57. Qxe1 Rc8 58. Qa5 Qxa5 59. Rxa5 b6 60. cxb6 Nxb6 61. Rc5 Nd7 62. Rc4 Kf8 63. Nc3 Ke7 64. d5 Nb8 65. dxc6 Rxc6 66. Rxc6 Nxc6 67. Ke2 Nd4+ 68. Ke3 Nf5+ 69. Kf3 Kd6 70. Nb5+ Kc5 71. Nc3 Kc4 72. Ne4 Nd4+ 73. Kf2 Kd3 74. Nd6 f6 75. Ne8 Nf5 76. g4 Nxh4 77. Nxg7 e5 78. fxe5 fxe5 79. Nf5 Nxf5 80. gxf5 e4 81. Ke1 h5 82. f6 h4 83. f7 h3 84. f8Q h2 85. Qh6 e3 86. Qxh2 Kd4 87. Qe2 1-0